000 00308nam a22001337a 4500
008 170503b xxu||||| |||| 00| 0 eng d
020 _a9780132040662
041 _aeng
080 _a342
100 _a13
101 _aSHJ
245 _aDEVIANT BEHAVIOR AND HUMAN RIGHT
_cGALLIHER.J.F
942 _2udc
_cBK
999 _c12505
_d12505